|
|
|
|
| LEADER |
00000nam0a2200000 4500 |
| 001 |
35189 |
| 005 |
20231030232843.0 |
| 010 |
|
|
|a 5256004786
|
| 035 |
|
|
|a (RuTPU)RU\TPU\book\35612
|
| 035 |
|
|
|a BOOK00002264
|
| 090 |
|
|
|a 35189
|
| 100 |
|
|
|a 20011210d1993 m y0rusy50 ca
|
| 101 |
0 |
|
|a rus
|
| 102 |
|
|
|a RU
|
| 105 |
|
|
|a y j 000zy
|
| 200 |
1 |
|
|a Кардиомониторы. Аппаратура непрерывного контроля ЭКГ
|e учебное пособие
|f под ред. А. Л. Барановского, А. П. Немирко
|
| 210 |
|
|
|a Москва
|c Радио и связь
|d 1993
|
| 215 |
|
|
|a 248 с.
|
| 610 |
1 |
|
|a медико-биологические исследования
|
| 610 |
1 |
|
|a кардиомониторы
|
| 610 |
1 |
|
|a радиоэлектронные устройства
|
| 610 |
1 |
|
|a приборы
|
| 610 |
1 |
|
|a комплексы
|
| 610 |
1 |
|
|a системы
|
| 610 |
1 |
|
|a технические решения
|
| 610 |
1 |
|
|a электрокардиосигналы
|
| 610 |
1 |
|
|a обработка
|
| 610 |
1 |
|
|a применение
|
| 610 |
1 |
|
|a учебные пособия
|
| 675 |
|
|
|a 615.47(075.8)
|v 3
|
| 702 |
|
1 |
|a Барановский
|b А. Л.
|g Альфред Львович
|
| 702 |
|
1 |
|a Немирко
|b А. П.
|g Анатолий Павлович
|
| 801 |
|
0 |
|a RU
|b 63413507
|c 20011210
|g PSBO
|
| 801 |
|
2 |
|a RU
|b 63413507
|c 20230214
|g PSBO
|
| 900 |
|
|
|a Компьютерные технологии в медико-биологических исследованиях
|
| 942 |
|
|
|c BK
|
| 951 |
|
|
|a 551500
|b 190500
|